000 00928cam a2200229 4500
001 WB3805-05
008 020207n2002 000 0 eng u
035 _a(Sirsi) u116636
245 _aMurder to the cathedrals
260 _c2002
490 _aArt Newspaper
_v13 (122) February 2002, 1(1)
520 _aA new report by the International Council on Monuments and Sites (Icomos UK) warns that millions of visitors are damaging cathedrals through excessive wear and tear. In "To be a Pilgrim" Icomos UK concludes that more controls are needed, and urges further monitoring of the problem.
590 _aWB
650 _aCATHEDRALS
650 _aINTERNATIONAL COUNCIL ON MONUMENTS AND SITES
650 _aECCLESIASTICAL BUILDINGS
650 _aHISTORIC BUILDINGS
650 _aTOURISTS
650 _aDAMAGE
690 _aBUILT ENVIRONMENT-BUILDING MAINTENANCE AND REFURBISHMENT-BUILDING CONSERVATION
942 _n0
999 _c69455
_d69455